000 01453nam a2200361 c 4500
003 BLK
005 20180420230805.0
008 180409b bul|||||r ||||||| ||bul||
010 _aKNG00117500000
020 _a2-86580-150-0
_bиздат.: INSEP
020 _a2-86580-147-0
_bиздат.: INSEP - на том
040 _aBLK
041 _aENG
_cENG
_hFRE
080 _aОлимпийско движение. Олимпийски игри
_b796.032
_x(038)=20=40=774
_z796.032(038)=20=40=774
080 _aРазлични категории думи
_b81`373.4
_x=20=40=774:796.032
_z81`373.4=20=40=774:796.032
139 _aLexique anglais, francais, grec des sports olympiques
_bL 63
245 1 0 _aLexique anglais, francais, grec des sports olympiques
_bJeux d'ete : T.1-2
_nT. 1
246 1 1 _aEnglish-French-Greek lexicon of Olympic sports : Summer Games : Vol. 1-2
257 _aFRA
260 Paris
_bINSEP
_c2004
300 _c19 см
380 _a79
650 4 _aОлимпийски игри - терминология - речници, многоезични
_9312419
653 _aОлимпийски игри
653 _aмногоезични речници
653 _aтерминологични речници
760 1 _3- на том
_dINSEP
_h594 c.
_tT. 1
852 _aЦб 165594
856 4 _qpdf
_u
856 4 _qpdf
_u
942 _cKNG
_n0
944 _aCR
_c16.03.2006
_kВаля_Йорданова
944 _aED
_c18.05.2006
_k
999 _c112137
_d112137